El círculo vicioso en la gastro-enterostomía (Record no. 136367)

MARC details
000 -LEADER
campo de control de longitud fija 00846nam a2200205 i 4500
001 - NÚMERO DE CONTROL
campo de control 136367
003 - IDENTIFICADOR DE NÚMERO DE CONTROL
campo de control ES-MaACL
005 - FECHA Y HORA DE LA ÚLTIMA TRANSACCIÓN
campo de control 20250717081030.0
007 - CAMPO FIJO DE DESCRIPCIÓN FÍSICA--INFORMACIÓN GENERAL
campo de control de longitud fija t|
008 - DATOS DE LONGITUD FIJA--INFORMACIÓN GENERAL
campo de control de longitud fija 070214s1904 sp r ||||1| spa d
100 1# - ENTRADA PRINCIPAL--NOMBRE DE PERSONA
Nombre de persona Rusca, Francisco.
9 (RLIN) 101010
245 13 - MENCIÓN DEL TÍTULO
Título El círculo vicioso en la gastro-enterostomía
Resto del título : sus variedades, causas, aspecto clínico y patogenia, modo de evitarlo : tesis del doctorado /
Mención de responsabilidad, etc. por Francisco Rusca.
260 ## - PUBLICACIÓN, DISTRIBUCIÓN, ETC.
Lugar de publicación, distribución, etc. Madrid :
Nombre del editor, distribuidor, etc. [s. n.],
Fecha de publicación, distribución, etc. 1904 (
Fabricante Establecimiento tipografico de Idamor Moreno)
300 ## - DESCRIPCIÓN FÍSICA
Extensión 53 p., 7 h. de lám. :
Otras características físicas il. ;
Dimensiones 26 cm.
500 ## - NOTA GENERAL
Nota general Tesis de doctorado leída en la Universidad Central el 23 de octubre de 1903.
650 #4 - PUNTO DE ACCESO ADICIONAL DE MATERIA--TÉRMINO DE MATERIA
Término de materia o nombre geográfico como elemento de entrada Gastrectomía.
9 (RLIN) 151075
710 2# - ENTRADA AGREGADA--NOMBRE DE ENTIDAD CORPORATIVA
Nombre de entidad corporativa o nombre de jurisdicción como elemento de entrada Universidad Central (Madrid).
Unidad subordinada Facultad de Medicina
9 (RLIN) 7093
852 ## - LOCALIZACIÓN
Ubicación ES-MaACL
Número de control de estantería T-1049-F-15
Holdings
Estatus retirado Estado de pérdida Estado de daño No para préstamo Colección Biblioteca de origen Biblioteca actual Ubicación en estantería Fecha de adquisición Fuente de adquisición Total de préstamos Signatura topográfica completa Código de barras Visto por última vez Precio de reemplazo Tipo de ítem Koha
        Colección de folletos Biblioteca del Ateneo de Madrid Biblioteca del Ateneo de Madrid Depósito folletos 17/01/2008     T-1049-F-15 1141923 23/02/2023 23/02/2023 Folleto